000 01777nam a2200133Ia 4500
008 220615s9999||||xx |||||||||||||| ||und||
020 _a9783040000000
245 0 _aClimate Change and Marine Geological Dynamics
546 _aEnglish[eng]
650 _amicrofacies types||Pantokrator Limestones||Vigla Formation||Senonian calciturbidites||Eocene brecciated limestones||carbonate porosity||petroleum prospectivity||stratigraphic correlations||marine biogenic carbonates||depositional environment||paleoceanographic evolution||planktonic foraminifera||pteropods||stable isotopes||sea surface temperature (SST)||stratification||productivity||sapropel S1||Aegean Sea||Late Quaternary||shell weight||climate variability||sea surface density||carbonate production||X-ray microscopy (μCT)||δ18O and Mg/Ca analyses||offshore groundwater exploration||coastal aquifers||salt-/fresh-water relationship||Mediterranean Sea||Attica-Greece||cleaning protocol||unconsolidated core sediments||climate reconstruction||synchrotron X-ray microtomography (SμCT)||foraminiferal-based proxies||BTEX natural attenuation||hydro-stratigraphy||multi-layered aquifer||Thriassion Plain||confined and unconfined aquifer||coastal aquifer||Gulf of Eleusis||ocean paleodensity||Atlantic Meridional Circulation (AMOC)||planktonic foraminiferal biogeography||surface sediments||morphometrics||shell size||environmental biomonitoring||ecological optimum conditions||primary productivity||depth habitat preference||cryptic speciation||central Mediterranean hydrodynamics||sea level fluctuations||soluble substances||coastal environment change||diatom||geochemical elements||n/a
700 _aKontakiotis, George||Antonarakou, Assimina
856 _uhttps://mdpi.com/books/pdfview/book/4269
942 _cEB
999 _c18346
_d18346